Ảnh hưởng của bổ sung bột tỏi và mỡ cá tra trong khẩu phần lên sinh trưởng, sức đề kháng của gà Hisex Brown từ 3 - 21 tuổi (Luận văn Thạc sĩ khoc học nông nghiệp, chuyên ngành chăn nuôi)

Đề tài tiến hành 2 thí nghiệm: Thí nghiệm 1: ảnh hưởnh của bổ sung bột tỏi và mỡ cá tra trong khẩu phần của gà Hisex brown từ 0 đến 49 ngày tuổi. Kết quả: hệ số chuyển hoá thức ăn giữa các nghiệm thức có sự khác biệt. Thí nghiệm 2:...

詳細記述

保存先:
書誌詳細
第一著者: Văn, Đắc Thắng
フォーマット: 図書
言語:Undetermined
出版事項: Cần Thơ Trường Đại học Cẩn Thơ 2012
主題:
タグ: タグ追加
タグなし, このレコードへの初めてのタグを付けませんか!
Thư viện lưu trữ: Trung tâm Học liệu Trường Đại học Cần Thơ
LEADER 01835nam a2200217Ia 4500
001 CTU_172946
008 210402s9999 xx 000 0 und d
082 |a 636.51 
082 |b TH106 
088 |a 60620105 
100 |a Văn, Đắc Thắng 
245 0 |a Ảnh hưởng của bổ sung bột tỏi và mỡ cá tra trong khẩu phần lên sinh trưởng, sức đề kháng của gà Hisex Brown từ 3 - 21 tuổi 
245 0 |b (Luận văn Thạc sĩ khoc học nông nghiệp, chuyên ngành chăn nuôi) 
245 0 |c Văn Đắc Thắng 
260 |a Cần Thơ 
260 |b Trường Đại học Cẩn Thơ 
260 |c 2012 
520 |a Đề tài tiến hành 2 thí nghiệm: Thí nghiệm 1: ảnh hưởnh của bổ sung bột tỏi và mỡ cá tra trong khẩu phần của gà Hisex brown từ 0 đến 49 ngày tuổi. Kết quả: hệ số chuyển hoá thức ăn giữa các nghiệm thức có sự khác biệt. Thí nghiệm 2: ảnh hưởnh của bổ sung bột tỏi và mỡ cá tra khác biệt trong khẩu phần của gà hậu bị Hisex brown, từ 49 đến 119 ngày tuổi và giai đoạn đẻ trứng từ 19 - 21 ngày tuổi. Kết quả cho thấy khối lượng của gà hậu bị giữa các nghiệm thức có ý nghĩa. Kết luận cho rằng bột tỏi, mỡ cá tra hoặc kết hợp khẩu phần thì ảnh hưởng tốt hơn và cải thiện làm giảm lượng LDL-C máu của gà hậu bị Hisex Brown. 
650 |a Poultry,Gia cầm 
904 |i N. Anh, K.Mi, Trong Hieu 
980 |a Trung tâm Học liệu Trường Đại học Cần Thơ